00999nam a2200289Ia 4500008004100000020001800041100001700059245002800076245002000104260001500124260002000139260000900159300004400168300002100212300001000233650007600243650006800319650004900387650005400436650008500490650002500575650002500600650002500625650002500650650002500675700000900700160803s9999 xx 000 0 und d a9780590451222 aCox, Clinton 4aThe forgotten heroes :  cby Clinton Cox. aNew York : bScholastic Inc. c1993 axii, 174 pages, [16] pages of plates :  billustrations ;  c21 cm aAfrican American soldiers -- West (U.S.) -- History -- 19th century --  aAfrican Americans -- West (U.S.) -- History -- 19th century --  aFrontier and pioneer life -- West (U.S.) --  aIndians of North America -- Wars -- 1866-1895 --  aUnited States. -- Army -- African American troops -- History -- 19th century --  xJuvenile literature. xJuvenile literature. xJuvenile literature. xJuvenile literature. xJuvenile literature. a1140